Социология: учебное пособие

Detaylı Bibliyografya
Yazar: Тавокин Е. П. Евгений Петрович
Özet:В пособии излагаются важнейшие этапы становления и развития социологии, её концепции, законы и категории. Большое внимание уделяется организационным и методическим особенностям, а также правилам проведения социологических исследований, обработки, анализа и интерпретации эмпирических данных.Рекомендуется студентам вузов, обучающимся по специальностям «Государственное и муниципальное управление», «Управление персоналом», «Менеджмент», «Социология», «Социология управления» и другим управленческим специальностям, слушателям различных форм подготовки, профессиональной переподготовки и повышения квалификации, а также магистрам и аспирантам соответствующих специальностей.
Dil:Rusça
Baskı/Yayın Bilgisi: Москва, Инфра-М, 2014
Seri Bilgileri:Высшее образование. Бакалавриат
Konular:
Materyal Türü: Kitap
KOHA link:https://koha.lib.tpu.ru/cgi-bin/koha/opac-detail.pl?biblionumber=254055

MARC

LEADER 00000nam0a2200000 4500
001 254055
005 20231101232912.0
010 |a 9785160063799 
035 |a (RuTPU)RU\TPU\book\276478 
090 |a 254055 
100 |a 20140318d2014 m y0rusy50 ca 
101 0 |a rus 
102 |a RU 
105 |a y j 001zy 
200 1 |a Социология  |e учебное пособие  |f Е. П. Тавокин 
210 |a Москва  |c Инфра-М  |d 2014 
215 |a 201 с. 
225 1 |a Высшее образование. Бакалавриат 
320 |a Библиогр.: с. 198-199. 
330 |a В пособии излагаются важнейшие этапы становления и развития социологии, её концепции, законы и категории. Большое внимание уделяется организационным и методическим особенностям, а также правилам проведения социологических исследований, обработки, анализа и интерпретации эмпирических данных.Рекомендуется студентам вузов, обучающимся по специальностям «Государственное и муниципальное управление», «Управление персоналом», «Менеджмент», «Социология», «Социология управления» и другим управленческим специальностям, слушателям различных форм подготовки, профессиональной переподготовки и повышения квалификации, а также магистрам и аспирантам соответствующих специальностей. 
606 1 |a Социология  |2 stltpush  |3 (RuTPU)RU\TPU\subj\67656  |9 83377 
610 1 |a история 
610 1 |a периодизация 
610 1 |a социологические концепции 
610 1 |a социальные отношения 
610 1 |a социологические исследования 
610 1 |a выборочный метод 
610 1 |a эмпирические данные 
610 1 |a социологические наблюдения 
610 1 |a информационное обеспечение 
610 1 |a социальные законы 
610 1 |a социальная структура 
610 1 |a анкетирование 
610 1 |a интервью 
610 1 |a учебные пособия 
686 |a С5я73  |v LBC/SL-A  |2 rubbk 
700 1 |a Тавокин  |b Е. П.  |g Евгений Петрович 
801 1 |a RU  |b 63413507  |c 20140318 
801 2 |a RU  |b 63413507  |c 20150622  |g RCR 
942 |c BK 
959 |a 51/20140317  |d 2  |e 309,90  |f ЧЗГЛ:1  |f АНЛ:1